| 000 | 01405nam1a2200301 i 4500 | ||
|---|---|---|---|
| 001 | RU\NLR\bibl\1161877 | ||
| 005 | 20260406212018.0 | ||
| 035 | _a(NLR Aleph) 001148624 | ||
| 090 |
_a1463346 _c1463346 |
||
| 100 | _a20071130g20079999k y0rusy50 ca | ||
| 101 | 0 | _arus | |
| 102 | _aRU | ||
| 105 | _a||||z ||||| | ||
| 200 | 1 |
_aМемуары о политических репрессиях в СССР, хранящиеся в архиве общества "Мемориал" _eаннотированный каталог _f[сост. С.А. Ларьков _gредкол.: ... А.Б. Рогинский (пред.)] |
|
| 210 |
_aМосква _cОбщество "Мемориал" _cЗвенья _d2007 |
||
| 215 | _d24 | ||
| 463 | 0 | _10011128248 | |
| 606 | 1 |
_aРепрессии политические _jВоспоминания, записки и т.п. _yСССР _92099278 _3RU\NLR\auth\661269827 |
|
| 686 | _aТ3(2)7-3,013 | ||
| 702 | 1 |
_4340 _8rus _7ca _aРогинский _bА. Б. _f1946- _gАрсений Борисович _3RU\NLR\auth\7740433 _923385 |
|
| 702 | 1 |
_aЛарьков _bС. А. _gСергей Алексеевич _4220 |
|
| 712 | 0 | 2 |
_4570 _a"Мемориал", общество _cМосква _3RU\NLR\AUTH\889969278 _9434895 |
| 801 | 0 |
_aRU _bNLR _c20071130 _gRCR |
|
| 801 | 1 |
_aRU _bNLR _c20071130 |
|
| 830 | _aсост. по кн. | ||
| 852 |
_aNLR _jС 2007-3/98 |
||
| 942 | _cBOOK | ||